MARC details
| 000 -LEADER |
| fixed length control field |
01686cam a2200445 a 4500 |
| 001 - CONTROL NUMBER |
| control field |
z9livm b1427624 |
| 003 - CONTROL NUMBER IDENTIFIER |
| control field |
OSt |
| 005 - DATE AND TIME OF LATEST TRANSACTION |
| control field |
20251205021413.0 |
| 008 - FIXED-LENGTH DATA ELEMENTS--GENERAL INFORMATION |
| fixed length control field |
060703s2007 nyua b 000 1 eng |
| 010 ## - LIBRARY OF CONGRESS CONTROL NUMBER |
| LC control number |
2006017718 |
| 020 ## - INTERNATIONAL STANDARD BOOK NUMBER |
| International Standard Book Number |
9780805079234 : |
| 020 ## - INTERNATIONAL STANDARD BOOK NUMBER |
| International Standard Book Number |
0805079238 |
| 020 ## - INTERNATIONAL STANDARD BOOK NUMBER |
| International Standard Book Number |
9780805079241 |
| Qualifying information |
paperback |
| 020 ## - INTERNATIONAL STANDARD BOOK NUMBER |
| International Standard Book Number |
0805079246 |
| Qualifying information |
paperback |
| 020 ## - INTERNATIONAL STANDARD BOOK NUMBER |
| International Standard Book Number |
9781428734357 |
| Qualifying information |
BWI bdg. |
| 020 ## - INTERNATIONAL STANDARD BOOK NUMBER |
| International Standard Book Number |
142873435X |
| Qualifying information |
BWI bdg. |
| 040 ## - CATALOGING SOURCE |
| Original cataloging agency |
LIV |
| Language of cataloging |
eng |
| Transcribing agency |
LIV |
| 090 ## - LOCALLY ASSIGNED LC-TYPE CALL NUMBER (OCLC); LOCAL CALL NUMBER (OCLC) |
| Classification number (OCLC) (R) ; Classification number, CALL (RLIN) (NR) |
jBC |
| Local cutter number (OCLC) ; Book number/undivided call number, CALL (RLIN) |
MELVIN 4 |
| 245 00 - TITLE STATEMENT |
| Title |
Melvin Beederman, superhero : |
| Remainder of title |
Terror in tights / |
| Statement of responsibility, etc. |
Greg Trine ; illustrated by Rhode Montijo. |
| 246 30 - VARYING FORM OF TITLE |
| Title proper/short title |
Terror in tights. |
| 250 ## - EDITION STATEMENT |
| Edition statement |
First edition. |
| 264 #1 - PRODUCTION, PUBLICATION, DISTRIBUTION, MANUFACTURE, AND COPYRIGHT NOTICE |
| Place of production, publication, distribution, manufacture |
New York : |
| Name of producer, publisher, distributor, manufacturer |
Henry Holt, |
| Date of production, publication, distribution, manufacture, or copyright notice |
2007. |
| 300 ## - PHYSICAL DESCRIPTION |
| Extent |
138 pages : |
| Other physical details |
illustrations ; |
| Dimensions |
20 cm. |
| 336 ## - CONTENT TYPE |
| Content type term |
text |
| Content type code |
txt |
| Source |
rdacontent. |
| 337 ## - MEDIA TYPE |
| Media type term |
unmediated |
| Media type code |
n |
| Source |
rdamedia. |
| 338 ## - CARRIER TYPE |
| Carrier type term |
volume |
| Carrier type code |
nc |
| Source |
rdacarrier. |
| 490 0# - SERIES STATEMENT |
| Series statement |
Melvin Beederman, superhero. |
| 490 0# - SERIES STATEMENT |
| Series statement |
Melvin Beederman, superhero ; |
| Volume/sequential designation |
4. |
| 520 ## - SUMMARY, ETC. |
| Summary, etc. |
When Los Angeles superhero Melvin Beederman starts receiving mysterious, threatening emails, he and Candace, his partner in uncrime, must figure out who is out to get him and then do something about it. |
| 521 8# - TARGET AUDIENCE NOTE |
| Target audience note |
610L |
| Source |
Lexile. |
| 521 3# - TARGET AUDIENCE NOTE |
| Target audience note |
Decoding demand: 85 (very high) |
| -- |
Semantic demand: 98 (very high) |
| -- |
Syntactic demand: 82 (very high) |
| -- |
Structure demand: 86 (very high) |
| Source |
Lexile. |
| 526 0# - STUDY PROGRAM INFORMATION NOTE |
| Program name |
Accelerated Reader AR |
| Interest level |
LG |
| Reading level |
3.7 |
| Title point value |
1 |
| Public note |
114689. |
| 650 #1 - SUBJECT ADDED ENTRY--TOPICAL TERM |
| Topical term or geographic name as entry element |
Heroes |
| Form subdivision |
Fiction. |
| 650 #1 - SUBJECT ADDED ENTRY--TOPICAL TERM |
| Topical term or geographic name as entry element |
Humorous stories. |
| 651 #1 - SUBJECT ADDED ENTRY--GEOGRAPHIC NAME |
| Geographic name |
Los Angeles (Calif.) |
| Form subdivision |
Fiction. |
| 655 #7 - INDEX TERM--GENRE/FORM |
| Genre/form data or focus term |
Fiction. |
| Source of term |
lcgft. |
| 700 1# - ADDED ENTRY--PERSONAL NAME |
| Personal name |
Trine, Greg. |
| 700 1# - ADDED ENTRY--PERSONAL NAME |
| Personal name |
Montijo, Rhode, |
| Relator term |
illustrator. |
| 942 ## - ADDED ENTRY ELEMENTS (KOHA) |
| Source of classification or shelving scheme |
Dewey Decimal Classification |
| Koha item type |
Libro/Book |